[Event "FRA-chT Top 12"]
[Site "Chartres"]
[Date "2017.05.24"]
[Round "7.3"]
[White "Boudiba, Mahfoud"]
[Black "Godard, Maxence"]
[Result "1-0"]
[WhiteElo "2409"]
[BlackElo "2329"]
[PlyCount "94"]
[EventDate "2017.05.18"]
[EventType "team-tourn"]
[EventRounds "11"]
[EventCountry "FRA"]
[SourceTitle "CBM 178 Extra"]
[Source "ChessBase"]
[SourceDate "2017.06.22"]
[SourceVersion "1"]
[SourceVersionDate "2017.06.22"]
[SourceQuality "1"]
[WhiteTeam "Tremblay en France"]
[BlackTeam "Lisieux"]
[WhiteTeamCountry "FRA"]
[BlackTeamCountry "FRA"]

1. d4 Nf6 2. c4 e6 3. Nc3 Bb4 4. e3 0-0 5. Nge2 d5 6. a3 Be7 7. Nf4 c6 8. Bd3 Nbd7 9. cxd5 exd5 10. 0-0 Nb6 11. Bc2 Re8 12. f3 c5 13. Re1 Bd6 14. dxc5 Bxc5 15. Kh1 d4 16. b4 Bf8 17. exd4 Qxd4 18. Qxd4 Rxe1+ 19. Qg1 Rxg1+ 20. Kxg1 a5 21. Rb1 axb4 22. axb4 Bd7 23. Be3 Rc8 24. Bxb6 Rxc3 25. Bb3 Bxb4 26. Bxf7+ Kxf7 27. Rxb4 Rc2 28. Rb1 Bc6 29. Re1 Nd7 30. Bd8 g5 31. Re7+ Kg8 32. Re8+ Kf7 33. Re7+ Kg8 34. Ne6 h6 35. Nd4 Rd2 36. Nf5 g4 37. Rg7+ Kf8 38. Be7+ Ke8 39. Nd6+ Rxd6 40. Bxd6 gxf3 41. g4 Nf6 42. Bc5 Ne4 43. Re7+ Kd8 44. Re5 Kd7 45. Be3 b5 46. Rf5 Nd6 47. Rf6 b4 1-0

[Event "Livry Gargan op rap"]
[Site "Livry Gargan"]
[Date "2009.05.10"]
[Round "3"]
[White "Boudiba, Mahfoud"]
[Black "Goldsztejn, Gildas"]
[Result "0-1"]
[WhiteElo "2381"]
[BlackElo "2407"]
[PlyCount "106"]
[EventDate "2009.05.10"]
[EventType "swiss"]
[EventRounds "9"]
[EventCountry "FRA"]
[SourceTitle "CBM 130 Extra"]
[Source "ChessBase"]
[SourceDate "2009.07.02"]
[SourceVersion "2"]
[SourceVersionDate "2009.07.15"]
[SourceQuality "1"]

1. d4 Nf6 2. c4 c5 3. d5 e6 4. Nc3 exd5 5. cxd5 d6 6. e4 g6 7. Nf3 a6 8. a4 Bg4 9. Be2 Bxf3 10. Bxf3 Nbd7 11. 0-0 Bg7 12. Be2 0-0 13. f4 Re8 14. Qc2 c4 15. Bxc4 Rc8 16. Bd3 b5 17. axb5 axb5 18. Qe2 b4 19. Na4 Nxe4 20. Bxe4 Nf6 21. f5 Rxe4 22. Qd3 Re5 23. Bg5 h6 24. Bxf6 Qxf6 25. Nb6 Rd8 26. Nc4 Rxf5 27. Rxf5 gxf5 28. Rf1 f4 29. Kh1 Rc8 30. h3 Rc5 31. Qe4 Qg6 32. Qxf4 Rxd5 33. b3 Rd4 34. Qe3 Re4 35. Qd2 Re6 36. Qxb4 d5 37. Qb8+ Kh7 38. Na5 Re2 39. Qh2 Ra2 40. b4 d4 41. Qg1 d3 42. Rd1 Qe4 43. Qf1 Re2 44. Nb3 Kg8 45. Nc5 Qxb4 46. Nxd3 Qe4 47. Nf4 Rb2 48. Nh5 Qg6 49. Nxg7 Kxg7 50. Rd3 h5 51. Rd1 h4 52. Qf3 Rc2 53. Qd3 Qxg2# 0-1

[Event "FRA-chT1A 0708"]
[Site "France"]
[Date "2007.11.24"]
[Round "2.2"]
[White "Boudiba, Mahfoud"]
[Black "Winants, Luc"]
[Result "0-1"]
[WhiteElo "2364"]
[BlackElo "2504"]
[PlyCount "78"]
[EventDate "2007.10.21"]
[EventType "team"]
[EventRounds "11"]
[EventCountry "FRA"]
[SourceTitle "EXT 2009"]
[Source "ChessBase"]
[SourceDate "2008.11.26"]
[SourceVersion "1"]
[SourceVersionDate "2008.11.26"]
[SourceQuality "1"]
[WhiteTeam "Noisy le Grand"]
[BlackTeam "Cappelle la Grande"]
[WhiteTeamCountry "FRA"]
[BlackTeamCountry "FRA"]

1. d4 Nf6 2. c4 e6 3. Nf3 b6 4. g3 Ba6 5. Nbd2 d5 6. cxd5 exd5 7. Bg2 Bd6 8. 0-0 0-0 9. Re1 Re8 10. b3 Nbd7 11. Bb2 Qe7 12. Bf1 Ne4 13. e3 Bb7 14. Rc1 a6 15. Bg2 f5 16. Nf1 g5 17. N3d2 Nef6 18. f4 g4 19. Nc4 a5 20. Ne5 Qe6 21. Nd2 Ba6 22. Bf1 Bxf1 23. Rxf1 Rec8 24. Qe2 a4 25. Rc6 axb3 26. axb3 Ra2 27. Nb1 Ne4 28. Rfc1 Rca8 29. R6c2 Ndf6 30. Bc3 Rxc2 31. Rxc2 Qe8 32. Nd2 Nxd2 33. Bxd2 Ne4 34. Qf1 Ra3 35. Qd3 Ra1+ 36. Rc1 Qa8 37. Rf1 Rxf1+ 38. Kxf1 Qa1+ 39. Ke2 Qh1 0-1

[Event "FRA-chT2 North 0607"]
[Site "France"]
[Date "2007.04.01"]
[Round "11.1"]
[White "Boudiba, Mahfoud"]
[Black "Touboulic, Julien"]
[Result "1-0"]
[WhiteElo "2361"]
[BlackElo "2250"]
[PlyCount "95"]
[EventDate "2006.10.15"]
[EventType "team"]
[EventRounds "11"]
[EventCountry "FRA"]
[SourceTitle "EXT 2008"]
[Source "ChessBase"]
[SourceDate "2007.11.25"]
[SourceVersion "1"]
[SourceVersionDate "2007.11.25"]
[SourceQuality "1"]
[WhiteTeam "Noisy le Grand"]
[BlackTeam "Bois Colombes II"]
[WhiteTeamCountry "FRA"]
[BlackTeamCountry "FRA"]

1. d4 Nf6 2. c4 g6 3. Nc3 d5 4. cxd5 Nxd5 5. Bd2 Bg7 6. e4 Nb6 7. Be3 0-0 8. Bb5 a6 9. Be2 Nc6 10. Nf3 Bg4 11. d5 Bxf3 12. Bxf3 Ne5 13. Be2 Nec4 14. Bc1 Qd6 15. 0-0 e6 16. Qc2 Rad8 17. a4 exd5 18. exd5 Ne5 19. Rd1 Qe7 20. Be3 Nbc4 21. Bf4 Qb4 22. Ra2 Nxb2 23. Bxe5 Nxd1 24. Bxg7 Kxg7 25. Nxd1 Rxd5 26. Ne3 Rc5 27. Qd1 Re8 28. g3 Re6 29. Bf3 c6 30. Kg2 h5 31. Rd2 b5 32. Rd4 Qb2 33. Rd2 Qc1 34. g4 Qxd1 35. Rxd1 hxg4 36. Nxg4 Rc2 37. Rd7 Rc4 38. axb5 axb5 39. Rb7 Rc2 40. Kg3 Rc3 41. h4 Rd3 42. Kg2 Rd2 43. Kg3 Rd3 44. Ne3 Rd4 45. h5 Rd8 46. h6+ Kxh6 47. Rxf7 g5 48. Bg4 1-0

[Event "FRA-chT2 North 0607"]
[Site "France"]
[Date "2007.03.18"]
[Round "9.5"]
[White "Boudiba, Mahfoud"]
[Black "Theon, Pierre"]
[Result "1-0"]
[WhiteElo "2361"]
[BlackElo "2185"]
[PlyCount "65"]
[EventDate "2006.10.15"]
[EventType "team"]
[EventRounds "11"]
[EventCountry "FRA"]
[SourceTitle "EXT 2008"]
[Source "ChessBase"]
[SourceDate "2007.11.25"]
[SourceVersion "1"]
[SourceVersionDate "2007.11.25"]
[SourceQuality "1"]
[WhiteTeam "Noisy le Grand"]
[BlackTeam "Gonfreville II"]
[WhiteTeamCountry "FRA"]
[BlackTeamCountry "FRA"]

1. d4 d6 2. Bg5 c6 3. c3 Nd7 4. Nd2 Ngf6 5. e4 e5 6. Bd3 Be7 7. Ne2 h6 8. Bh4 Nf8 9. f3 Ng6 10. Bf2 Be6 11. 0-0 0-0 12. c4 Qc7 13. d5 Bd7 14. Re1 Kh8 15. Nf1 Nh7 16. Ne3 Nh4 17. Rf1 g5 18. Ng3 Rg8 19. Ng4 Bf8 20. Rc1 c5 21. Qd2 Bg7 22. b4 b6 23. Nh5 Ng6 24. bxc5 bxc5 25. g3 Rab8 26. Rb1 Rxb1 27. Rxb1 Rb8 28. Rb3 Rxb3 29. axb3 Qb6 30. Bc2 a5 31. Be1 a4 32. bxa4 Qb2 33. a5 1-0

[Event "FRA-chT2 North 0607"]
[Site "France"]
[Date "2006.10.15"]
[Round "1.3"]
[White "Hauroo, Harris"]
[Black "Boudiba, Mahfoud"]
[Result "0-1"]
[WhiteElo "2123"]
[BlackElo "2348"]
[PlyCount "90"]
[EventDate "2006.10.15"]
[EventType "team"]
[EventRounds "11"]
[EventCountry "FRA"]
[SourceTitle "EXT 2008"]
[Source "ChessBase"]
[SourceDate "2007.11.25"]
[SourceVersion "1"]
[SourceVersionDate "2007.11.25"]
[SourceQuality "1"]
[WhiteTeam "Evry Grand Roque III"]
[BlackTeam "Noisy le Grand"]
[WhiteTeamCountry "FRA"]
[BlackTeamCountry "FRA"]

1. d4 d5 2. Nf3 e6 3. Bg5 Be7 4. Bxe7 Qxe7 5. e3 Qb4+ 6. Nbd2 Qxb2 7. Bd3 f5 8. 0-0 Nf6 9. c4 0-0 10. a4 dxc4 11. Rb1 Qa3 12. Bxc4 Qd6 13. Qc2 g6 14. e4 fxe4 15. Nxe4 Nxe4 16. Qxe4 Rf4 17. Qe3 Nc6 18. Rfd1 Ne7 19. Ne5 Rf8 20. Qg5 Rf5 21. Qg3 b6 22. Re1 Kg7 23. Qh4 Rf8 24. Rbd1 Bb7 25. Qg4 Rf6 26. Rd2 Raf8 27. Qg5 Rf5 28. Qe3 Rf4 29. Red1 Nd5 30. Qg3 R4f6 31. h4 Nf4 32. Bf1 Rf5 33. Nc4 Qe7 34. Re1 Qb4 35. Red1 Qxa4 36. Qc3 Nd5 37. Qg3 Qd7 38. Bd3 R5f6 39. h5 Nf4 40. hxg6 hxg6 41. Bf1 Qd5 42. Ne5 Rh8 43. Re1 Nh3+ 44. Kh2 Nxf2+ 45. Kg1 Rh1# 0-1

[Event "Noisy le Grand op"]
[Site "Noisy le Grand"]
[Date "2003.??.??"]
[Round "6"]
[White "Bhuiyan, Abul Kashem"]
[Black "Boudiba, Mahfoud"]
[Result "0-1"]
[WhiteElo "2085"]
[BlackElo "2373"]
[PlyCount "96"]
[EventDate "2003.05.??"]
[EventType "swiss"]
[EventRounds "7"]
[EventCountry "FRA"]
[SourceTitle "EXT 2005"]
[Source "ChessBase"]
[SourceDate "2004.11.15"]
[SourceVersion "1"]
[SourceVersionDate "2004.11.15"]
[SourceQuality "1"]

1. e4 e5 2. Nf3 Nc6 3. Bb5 Nge7 4. 0-0 Ng6 5. d4 exd4 6. Nxd4 Bc5 7. Be3 Nxd4 8. Bxd4 Bxd4 9. Qxd4 0-0 10. Nc3 d6 11. Rad1 f5 12. exf5 Bxf5 13. Qd5+ Kh8 14. Qxb7 Rb8 15. Qxa7 Nf4 16. Qe3 Bxc2 17. Rd2 Bg6 18. Bc6 Qg5 19. g3 Qg4 20. f3 Nh3+ 21. Kg2 Nf4+ 22. Kg1 Nh3+ 23. Kh1 Qc4 24. Kg2 Nf4+ 25. gxf4 Qxc6 26. Rff2 Rf5 27. Ne2 Re8 28. Qd4 Ref8 29. Qe3 Qd7 30. Rd4 Rh5 31. Ng3 c5 32. Rd1 Rh4 33. Qd2 Rd8 34. Re2 h6 35. Re5 Qh3+ 36. Kg1 dxe5 37. Qxd8+ Kh7 38. Rd2 exf4 39. Nf1 Qxf3 40. Qxh4 Be4 41. Qe7 c4 42. Qe5 Qg4+ 43. Kf2 Qh4+ 44. Ke2 Bg6 45. Kd1 Qg4+ 46. Qe2 Qc8 47. Qf3 Qf5 48. Ke2 Bh5 0-1

[Event "Noisy le Grand op"]
[Site "Noisy le Grand"]
[Date "2003.??.??"]
[Round "3"]
[White "Boudiba, Mahfoud"]
[Black "Piot, Olivier"]
[Result "1-0"]
[WhiteElo "2373"]
[BlackElo "2212"]
[PlyCount "115"]
[EventDate "2003.05.??"]
[EventType "swiss"]
[EventRounds "7"]
[EventCountry "FRA"]
[SourceTitle "EXT 2005"]
[Source "ChessBase"]
[SourceDate "2004.11.15"]
[SourceVersion "1"]
[SourceVersionDate "2004.11.15"]
[SourceQuality "1"]

1. d4 Nf6 2. c4 g6 3. Nc3 Bg7 4. e4 d6 5. Be2 0-0 6. Be3 e5 7. d5 Na6 8. g4 Nc5 9. f3 a5 10. Nh3 c6 11. Nf2 cxd5 12. cxd5 Bd7 13. Nd3 b6 14. Qd2 Rb8 15. Rc1 Qe7 16. 0-0 Rfc8 17. Rc2 Ne8 18. Nxc5 bxc5 19. Nb1 a4 20. Na3 Nc7 21. Bg5 Qf8 22. Bc4 Rb4 23. Qc1 Rcb8 24. Rff2 Kh8 25. h3 R4b7 26. Kh1 Ra8 27. Qf1 Bh6 28. Bf6+ Bg7 29. Bh4 Rab8 30. Qc1 Kg8 31. Bg5 Ra8 32. Be3 Bb5 33. Qd1 Bd7 34. Qf1 Qe7 35. Bc1 Qh4 36. Kg2 Qe7 37. Qd3 Bf6 38. Be3 Bh4 39. Rfe2 Qf6 40. Qd2 Rab8 41. f4 exf4 42. Bxf4 g5 43. Bh2 Re8 44. Qc3 Qh6 45. e5 dxe5 46. Rxe5 Rb6 47. Rce2 Qf8 48. Qe3 h6 49. Bg1 Reb8 50. b3 axb3 51. axb3 Na6 52. Re7 R8b7 53. Qe5 Qg7 54. Rxd7 Rxd7 55. Qe8+ Kh7 56. Bd3+ Rg6 57. Qxd7 Nb4 58. Bf5 1-0

[Event "Noisy le Grand op"]
[Site "Noisy le Grand"]
[Date "2003.??.??"]
[Round "2"]
[White "Le Duin, Thierry"]
[Black "Boudiba, Mahfoud"]
[Result "1/2-1/2"]
[WhiteElo "2081"]
[BlackElo "2373"]
[PlyCount "118"]
[EventDate "2003.05.??"]
[EventType "swiss"]
[EventRounds "7"]
[EventCountry "FRA"]
[SourceTitle "EXT 2005"]
[Source "ChessBase"]
[SourceDate "2004.11.15"]
[SourceVersion "1"]
[SourceVersionDate "2004.11.15"]
[SourceQuality "1"]

1. d4 d5 2. Nf3 Nf6 3. c3 c5 4. Bg5 Ne4 5. Bf4 Nc6 6. e3 Qb6 7. Qb3 Qxb3 8. axb3 e6 9. Nbd2 f5 10. h4 Bd7 11. Ne5 Nxd2 12. Kxd2 Nxe5 13. Bxe5 Kf7 14. Be2 Rg8 15. Ra5 cxd4 16. exd4 Be7 17. g3 a6 18. Raa1 Rac8 19. Bh5+ g6 20. Be2 Bf6 21. Bxf6 Kxf6 22. f4 h6 23. b4 Rh8 24. Rh2 Ra8 25. Ke3 b6 26. Rhh1 a5 27. bxa5 bxa5 28. b3 Rhb8 29. Ra3 Rc8 30. Kd2 a4 31. bxa4 Rxa4 32. Rxa4 Bxa4 33. Ra1 Be8 34. Kc2 g5 35. hxg5+ hxg5 36. Ra6 g4 37. Ra7 Bf7 38. Ra3 Be8 39. Ra7 Bc6 40. Ra6 Rc7 41. Kd2 Be8 42. Ra8 Ke7 43. Ba6 Bf7 44. Rb8 Kf6 45. Rb7 Rc6 46. Bb5 Rc8 47. Rb6 Ra8 48. Ba6 Rd8 49. Bb5 Be8 50. Bxe8 Rxe8 51. Rb1 Rh8 52. Rc1 Ke7 53. Kc2 Rh2+ 54. Kb3 Rf2 55. Rg1 Re2 56. Rd1 Rg2 57. Rd3 Rh2 58. Re3 Kd6 59. Rd3 Re2 1/2-1/2

[Event "Olympiad-30"]
[Site "Manila"]
[Date "1992.06.24"]
[Round "14.1"]
[White "Boudiba, Mahfoud"]
[Black "Garcia Paolicchi, Raul"]
[Result "1-0"]
[WhiteElo "2375"]
[BlackElo "2270"]
[PlyCount "79"]
[EventDate "1992.06.08"]
[EventType "team-swiss"]
[EventRounds "14"]
[EventCountry "PHI"]
[SourceTitle "TD"]
[Source "ChessBase"]
[SourceDate "1994.03.01"]
[SourceVersion "1"]
[SourceVersionDate "1994.03.01"]
[SourceQuality "1"]
[WhiteTeam "Algeria"]
[BlackTeam "Andorra"]
[WhiteTeamCountry "ALG"]
[BlackTeamCountry "AND"]

1. d4 Nf6 2. c4 g6 3. Nc3 Bg7 4. e4 d6 5. Be2 0-0 6. Bg5 h6 7. Be3 Nbd7 8. Qd2 c5 9. d5 Qa5 10. h3 a6 11. a4 Kh7 12. Nf3 b5 13. cxb5 axb5 14. Bxb5 Nxe4 15. Nxe4 Qxb5 16. axb5 Rxa1+ 17. Ke2 Rxh1 18. Ne1 Bb7 19. Ng3 Rxe1+ 20. Kxe1 Ra8 21. Ne4 Nb6 22. Nc3 Nc4 23. Qc2 e6 24. dxe6 fxe6 25. Na4 Nxe3 26. fxe3 Be5 27. Nc3 Rf8 28. Ne2 Kg7 29. g3 g5 30. e4 Rf3 31. b6 Rf7 32. Qc4 Re7 33. b3 Kf6 34. Kf2 Re8 35. g4 Rb8 36. Qa4 Rd8 37. Qa7 Rd7 38. Ng3 Bxg3+ 39. Kxg3 Bc6 40. Qxd7 1-0

[Event "WchT 2nd"]
[Site "Luzern"]
[Date "1989.??.??"]
[Round "5.4"]
[White "Boudiba, Mahfoud"]
[Black "Paneque, Pedro"]
[Result "1/2-1/2"]
[WhiteElo "2320"]
[BlackElo "2365"]
[PlyCount "78"]
[EventDate "1989.10.27"]
[EventType "team-tourn"]
[EventRounds "9"]
[EventCountry "SUI"]
[SourceTitle "CBM 016"]
[Source "ChessBase"]
[SourceDate "1990.06.01"]
[SourceVersion "1"]
[SourceVersionDate "1990.06.01"]
[SourceQuality "1"]
[WhiteTeam "Africa"]
[BlackTeam "Cuba"]
[BlackTeamCountry "CUB"]

1. d4 Nf6 2. c4 g6 3. Nc3 Bg7 4. e4 d6 5. Be2 0-0 6. Bg5 c5 7. d5 a6 8. Qd2 b5 9. cxb5 axb5 10. Bxb5 Qa5 11. Bd3 Nbd7 12. Nf3 Ba6 13. 0-0 Rfb8 14. Rab1 Nb6 15. Rfc1 Na4 16. e5 Nxd5 17. Bxa6 Ndxc3 18. bxc3 Qxa6 19. Rxb8+ Rxb8 20. Bxe7 dxe5 21. Re1 Qb7 22. Qd6 e4 23. Rxe4 Qb1+ 24. Re1 Bxc3 25. Rf1 Qb6 26. h3 Qxd6 27. Bxd6 Rb2 28. Rc1 Bb4 29. Ra1 c4 30. Bxb4 Rxb4 31. Nd2 c3 32. Nb3 Kf8 33. Kf1 Ke7 34. Ke2 Kd6 35. Rd1+ Kc6 36. Rd4 Rxd4 37. Nxd4+ Kc5 38. Kd3 Kb4 39. Nc2+ Kc5 1/2-1/2

[Event "WchT 2nd"]
[Site "Luzern"]
[Date "1989.??.??"]
[Round "8.3"]
[White "Velimirovic, Dragoljub"]
[Black "Boudiba, Mahfoud"]
[Result "1/2-1/2"]
[WhiteElo "2535"]
[BlackElo "2320"]
[PlyCount "132"]
[EventDate "1989.10.27"]
[EventType "team-tourn"]
[EventRounds "9"]
[EventCountry "SUI"]
[SourceTitle "CBM 016"]
[Source "ChessBase"]
[SourceDate "1990.06.01"]
[SourceVersion "1"]
[SourceVersionDate "1990.06.01"]
[SourceQuality "1"]
[WhiteTeam "Yugoslavia"]
[BlackTeam "Africa"]
[WhiteTeamCountry "YUG"]

1. e4 e5 2. Nf3 Nc6 3. c3 d5 4. Bb5 dxe4 5. Nxe5 Qg5 6. d4 Qxg2 7. Rf1 Bd6 8. Qh5 g6 9. Qh4 Bxe5 10. dxe5 Bd7 11. Bf4 g5 12. Bxg5 Nxe5 13. Bxd7+ Kxd7 14. Nd2 Qf3 15. Nxf3 Nxf3+ 16. Ke2 Nxh4 17. Rad1+ Ke6 18. Bxh4 Nf6 19. f3 e3 20. Kxe3 Kf5 21. Kf2 Rad8 22. Bg3 c6 23. Rfe1 Rhe8 24. Rxd8 Rxd8 25. Re5+ Kg6 26. Bf4 Rd5 27. Re1 Kf5 28. Be3 b6 29. c4 Rd7 30. Rg1 Rd8 31. b3 Ke6 32. h4 Kf5 33. Rg5+ Ke6 34. Bf4 Rd1 35. Re5+ Kd7 36. Rf5 Ke6 37. Re5+ Kd7 38. Bg5 Ng8 39. Re2 f6 40. Bd2 Ne7 41. Bc3 Rd6 42. Re4 Ke8 43. b4 Kf7 44. Ke2 Re6 45. Ke3 Rxe4+ 46. Kxe4 h5 47. Be1 Ke6 48. Bf2 Nf5 49. a4 Nd6+ 50. Kd3 Nb7 51. Bg3 Nd6 52. Bxd6 Kxd6 53. Ke4 Ke6 54. b5 cxb5 55. axb5 Kd6 56. Kf5 Kc5 57. Kxf6 Kxc4 58. f4 Kxb5 59. f5 a5 60. Kg6 a4 61. f6 a3 62. f7 a2 63. f8Q a1Q 64. Qf5+ Kc6 65. Kxh5 Qh8+ 66. Kg5 Qg7+ 1/2-1/2